000 00326nam a22001337a 4500
008 171025b xxu||||| |||| 00| 0 eng d
020 _a9781884585593
041 _aeng
080 _23 ED
_a311
100 _a55
101 _aSTA
245 _aADVANCED MULTIVARIATE STATISTICS METHODS
_cMERTLER.C.A
942 _2udc
_cBK
999 _c35861
_d35861